000 00766 a2200301 4500
001 110054
020 _a0823417212 (hardcover)
020 _a9780823419852 (pbk.)
041 _aeng
082 _a[E]
092 _a2003050815
100 _aKutner, Merrily.
250 _a. ed.
300 _a{32} p.
697 _aAnimal sounds - Fiction.
697 _aFarm life - Fiction.
697 _aStories in rhyme.
697 _aDomestic animals - Fiction.
697 _aAnimal sounds
697 _aDomestic animals
697 _aFarm life
856 _u000004/00000411.jpg
040 _aBR-BrIDEA
_cBR-BrIDEA
090 _aAP Year 1 [E]
_bKUT
245 1 0 _aDown on the farm
_c Merrily Kutner
260 _aNew York
_bHoliday House
_c2004
942 _cBK
999 _c110054
_d110054